000 00427nmm a2200169Ia 4500
008 251105s9999||||xx |||||||||||||||||und||
020 _a9788468709475
041 _aspa
100 _aDahl, Victoria
245 0 _aConvénceme
264 _a[Madrid, España] :
_bHarlequin,
_c2012
300 _a320 páginas
490 _aHQN
650 _aRomance
856 _uhttps://public.digitaliapublishing.com/a/50357
942 _cCF
999 _c83903
_d83903